[Event "Titled Tuesday intern op 28th Nov Late"]
[Site "Chess.com INT"]
[Date "2023.11.28"]
[Round "5"]
[White "Thomforde Toates, Noah"]
[Black "Villa Tornero, Alex"]
[Result "0-1"]
[WhiteElo "2124"]
[BlackElo "2383"]
[PlyCount "96"]
[EventDate "2023.11.28"]
[EventType "swiss (blitz)"]
[EventRounds "11"]
[EventCountry "USA"]
[SourceTitle "EXT 2025"]
[Source "ChessBase"]
[SourceDate "2024.10.14"]
[SourceVersion "1"]
[SourceVersionDate "2024.10.14"]
[SourceQuality "1"]

1. d4 Nf6 2. Nc3 d5 3. Bf4 a6 4. e3 b5 5. Bd3 e6 6. Nf3 Bb7 7. 0-0 Nbd7 8. Ne2 c5 9. c3 Be7 10. Ne5 0-0 11. h3 c4 12. Bc2 b4 13. Bh2 Nxe5 14. Bxe5 Nd7 15. Bh2 a5 16. Nf4 g6 17. f3 Bg5 18. Qe2 Bc6 19. g4 Qe7 20. e4 dxe4 21. fxe4 e5 22. Qxc4 Rac8 23. Nd5 Bxd5 24. Qxd5 Be3+ 25. Kh1 exd4 26. Bd6 Qh4 27. Kg2 Nf6 28. Qe5 Nd7 29. Qd5 Nf6 30. Qb7 Rfd8 31. e5 Nxg4 32. Qxf7+ Kh8 33. Be7 Bg5 34. Bxd8 Ne3+ 35. Kh2 Rxd8 36. Bb3 Ng4+ 37. Kg2 Ne3+ 38. Kf3 Qxh3+ 39. Ke4 Qg2+ 40. Kd3 dxc3+ 41. Bd5 Rxd5+ 42. Qxd5 Qxd5+ 43. Ke2 Qd2+ 44. Kf3 Nxf1 45. Rxf1 Qd3+ 46. Kg4 Qxf1 47. Kxg5 Qf5+ 48. Kh6 Qf4# 0-1